000 00608aam a2200241 4500
005 20260311183339.0
008 150626b2002 xxu||||| |||| 00| 0 spa d
020 _a99687090010
041 _aESP
082 _a364.153 C591s2
100 _aClaramunt, María Cecilia
_926708
245 _aSilvia
250 _a2 edición
260 _c2002
260 _bSer y crecer
260 _aCosta Rica
300 _a23 páginas
490 _aInvestigación Criminal
650 _aDELITOS SEXUALES CONTRA MENORES
650 _aABUSO SEXUAL INFANTIL
650 _aABUSO SEXUAL DE NIÑOS
942 _cBK
_2ddc
999 _c3135
_d3135